[Event "Xtracon Chess Open 2016"]
[Site "Elsinore"]
[Date "2016.07.27"]
[Round "6.183"]
[White "van den Brink, Nienke"]
[Black "Mansoor, Areeb"]
[Result "1-0"]
[WhiteElo "1612"]
[BlackElo "1020"]
[PlyCount "49"]
[EventDate "2016.07.23"]

1. Nc3 e5 2. Nf3 d6 3. d4 exd4 4. Nxd4 Nf6 5. e3 Be7 6. Bd3 Nbd7 7. O-O O-O 8.
f4 Nc5 9. Be2 Bd7 10. Bf3 c6 11. b4 Ne6 12. Nf5 Nc7 13. Nxd6 Bc8 14. Nxc8 Qxc8
15. a3 Rd8 16. Qe2 Bd6 17. Bb2 Qf5 18. Rad1 Qg6 19. Qd3 Qh6 20. Qf5 g6 21. Qxf6
g5 22. Qxh6 gxf4 23. Ne4 Bf8 24. Nf6+ Kh8 25. Qxh7# 1-0

[Event "Xtracon Chess Open 2016"]
[Site "Elsinore"]
[Date "2016.07.27"]
[Round "6.184"]
[White "Jensen, Hans Askov"]
[Black "Horslund, Mikael"]
[Result "0-1"]
[WhiteElo "1469"]
[BlackElo "1604"]
[PlyCount "92"]
[EventDate "2016.07.23"]

1. e4 c5 2. Nc3 g6 3. f4 Bg7 4. Nf3 Nc6 5. Bb5 a6 6. Bxc6 dxc6 7. O-O Nf6 8. d3
O-O 9. Qe1 b5 10. Rb1 Bg4 11. Ne5 c4 12. dxc4 bxc4 13. Qg3 Bh5 14. f5 Nxe4 15.
Nxe4 Qd4+ 16. Be3 Qxe4 17. Nd7 Rfd8 18. Nc5 Qxc2 19. fxg6 Bxg6 20. h4 Rd5 21.
Qc7 Qe2 22. Rbe1 Qxb2 23. Qxc6 Rad8 24. Qxa6 c3 25. Rf2 Rd1 26. Rxd1 Rxd1+ 27.
Kh2 Be5+ 28. g3 Qb1 29. Qa8+ Qb8 30. Qf3 Qd8 31. h5 Qd5 32. Qxd5 Rxd5 33. hxg6
hxg6 34. a4 Bd6 35. Nb3 Rd3 36. Bc1 Bxg3+ 37. Kg2 Bxf2 38. Kxf2 c2 39. Na1 Rd1
40. Nb3 Rd3 41. Na1 Rd5 42. Nxc2 Rc5 43. Bd2 Rxc2 44. Ke3 Rc6 45. Kd4 Rd6+ 46.
Kc3 e5 0-1

[Event "Xtracon Chess Open 2016"]
[Site "Elsinore"]
[Date "2016.07.27"]
[Round "6.186"]
[White "Hein, Jacob"]
[Black "Langvik, Ulrikke"]
[Result "0-1"]
[WhiteElo "1447"]
[BlackElo "1583"]
[PlyCount "58"]
[EventDate "2016.07.23"]

1. e4 e6 2. Nc3 d5 3. d4 Bb4 4. Qf3 dxe4 5. Qxe4 Nf6 6. Qf3 Qxd4 7. Bd3 Bxc3+
8. Kf1 Bxb2 9. Rb1 Bxc1 10. Rxc1 Nc6 11. Ne2 Qd5 12. Qg3 g6 13. a3 Bd7 14. Qxc7
b6 15. Nc3 Qe5 16. Nb5 O-O 17. Qb7 Na5 18. Qa6 Bc8 19. Qxa7 Rxa7 20. Nxa7 Bb7
21. Re1 Qg5 22. Rg1 Ng4 23. h3 Nh2+ 24. Ke2 Bxg2 25. Be4 Qh5+ 26. f3 Bxf3+ 27.
Bxf3 Nxf3 28. Rg4 Nxe1 29. Kxe1 Ra8 0-1

[Event "Xtracon Chess Open 2016"]
[Site "Elsinore"]
[Date "2016.07.27"]
[Round "6.187"]
[White "Frederiksen, Jacob"]
[Black "Kristensen, Thomas Overgaard"]
[Result "0-1"]
[WhiteElo "1382"]
[BlackElo "1568"]
[PlyCount "78"]
[EventDate "2016.07.23"]

1. e4 c6 2. d4 d5 3. exd5 cxd5 4. Bf4 Nf6 5. Nf3 Bg4 6. Nbd2 e6 7. c3 Nc6 8.
Bd3 Bd6 9. Bxd6 Qxd6 10. O-O O-O 11. Qc2 h6 12. Rfe1 Rac8 13. Ne5 Nxd4 14. Qa4
Ne2+ 15. Bxe2 Qxe5 16. Bxg4 Qg5 17. Nf3 Qxg4 18. Qxg4 Nxg4 19. h3 Nf6 20. Ne5
Rc7 21. Rad1 Re8 22. Rd4 Nd7 23. Nxd7 Rxd7 24. Ra4 b5 25. Rb4 Rb8 26. a4 a6 27.
axb5 Rxb5 28. Rxb5 axb5 29. Ra1 Rb7 30. Rb1 b4 31. cxb4 Rxb4 32. Kf1 f5 33. Ke2
e5 34. Kd3 d4 35. f3 Kf7 36. Re1 Ke6 37. Re2 Kd5 38. h4 g6 39. Kc2 e4 0-1

[Event "Xtracon Chess Open 2016"]
[Site "Elsinore"]
[Date "2016.07.27"]
[Round "6.188"]
[White "Hina, Ariza"]
[Black "Jacobsen, Caroline Beer"]
[Result "0-1"]
[WhiteElo "1370"]
[BlackElo "1544"]
[PlyCount "76"]
[EventDate "2016.07.23"]

1. e4 c6 2. d4 d5 3. exd5 Qxd5 4. Nc3 Qd8 5. Nf3 Nf6 6. Bg5 Bg4 7. Be2 e6 8.
O-O Be7 9. Ne5 Bxe2 10. Nxe2 O-O 11. Qd3 Nbd7 12. Ng3 h6 13. Bxf6 Bxf6 14. Ng4
Be7 15. Rfe1 Nf6 16. Nxf6+ Bxf6 17. Rad1 Qd5 18. c4 Qa5 19. a3 Rad8 20. b4 Qb6
21. Ne2 Rd7 22. c5 Qc7 23. Qc3 Rfd8 24. Rd3 Rd5 25. Red1 Qd7 26. g3 e5 27. dxe5
Rxd3 28. Qxd3 Qxd3 29. Rxd3 Rxd3 30. exf6 gxf6 31. Kg2 Rxa3 32. Nf4 Rb3 33. Nh5
Rxb4 34. Nxf6+ Kf8 35. Kh3 a5 36. f3 a4 37. Ne4 Rxe4 38. fxe4 a3 0-1

[Event "Xtracon Chess Open 2016"]
[Site "Elsinore"]
[Date "2016.07.27"]
[Round "6.189"]
[White "Amarapala, Sheroni"]
[Black "Tryggestad, Linnea Garberg"]
[Result "0-1"]
[WhiteElo "1330"]
[BlackElo "1525"]
[PlyCount "110"]
[EventDate "2016.07.23"]

1. e4 c6 2. d4 d5 3. exd5 cxd5 4. Bb5+ Nc6 5. Nc3 Nf6 6. Nf3 Bg4 7. h3 Bh5 8.
Be3 e6 9. a3 Bd6 10. g4 Bg6 11. Qe2 Ne4 12. Bd2 a6 13. Bd3 Nxd2 14. Qxd2 b5 15.
Na2 Qf6 16. Be2 Bf4 17. Qd1 Be4 18. c3 Bc7 19. b4 h5 20. Rg1 Bxf3 21. Bxf3 Qh4
22. gxh5 Qxh3 23. Rxg7 Qf5 24. Qe2 O-O-O 25. Nc1 Rdg8 26. Rxg8+ Rxg8 27. Qf1
Qxf3 28. Nd3 Qxh5 29. Nc5 Bh2 30. Kd2 Rg1 31. Qxg1 Bxg1 32. Rxg1 Qh6+ 33. Kc2
Qh7+ 34. Kb3 Kc7 35. Nxa6+ Kb6 36. Nc5 Qf5 37. Rf1 Qh3 38. Re1 Nxd4+ 39. Kb2
Nf3 40. Rd1 Qg2 41. Kb1 Qxf2 42. Nd7+ Kc7 43. Nf6 Nd2+ 44. Kc1 Nb3+ 45. Kb1
Qxf6 46. Kb2 Qf3 47. Kc2 Qe2+ 48. Kxb3 Qxd1+ 49. Kb2 f5 50. Ka2 f4 51. Kb2 f3
52. Ka2 f2 53. Kb2 f1=Q 54. a4 Qb1+ 55. Ka3 Qfc1# 0-1

[Event "Xtracon Chess Open 2016"]
[Site "Elsinore"]
[Date "2016.07.27"]
[Round "6.190"]
[White "Jacobsen, Stig Jerlow"]
[Black "Shehzad, Alisha"]
[Result "0-1"]
[WhiteElo "1322"]
[BlackElo "1514"]
[PlyCount "84"]
[EventDate "2016.07.23"]

1. d4 Nf6 2. Nf3 d5 3. e3 Bf5 4. b3 h6 5. Bb2 e6 6. Nbd2 Nbd7 7. Bd3 Bxd3 8.
cxd3 c5 9. O-O Be7 10. e4 dxe4 11. dxe4 cxd4 12. Bxd4 Nb6 13. h3 O-O 14. e5
Nfd5 15. Ne4 Rc8 16. Rc1 Rxc1 17. Qxc1 Qc8 18. Qd2 Qd7 19. Be3 Nxe3 20. Qxe3
Rc8 21. Qe2 Nd5 22. Qd2 Qc7 23. Ng3 Qc2 24. Qa5 a6 25. Nd4 Qd3 26. Qe1 Qxd4 27.
Kh1 Bb4 28. Qe2 Nc3 29. Qc2 Qc5 30. Qd3 Qxe5 31. Qd7 Qc7 32. Qd3 Rd8 33. Qf3
Nxa2 34. Qg4 Bf8 35. Nh5 Kh8 36. Qe4 Qc6 37. Qg4 Qd5 38. Qf4 Qxh5 39. Ra1 Nc3
40. Qc7 Rd1+ 41. Rxd1 Qxd1+ 42. Kh2 Ne2 0-1

[Event "Xtracon Chess Open 2016"]
[Site "Elsinore"]
[Date "2016.07.27"]
[Round "6.191"]
[White "Hestholm, Freddy"]
[Black "Vinther, Christoffer"]
[Result "0-1"]
[WhiteElo "1281"]
[BlackElo "1509"]
[PlyCount "62"]
[EventDate "2016.07.23"]

1. e4 c5 2. d4 cxd4 3. c3 d3 4. Bxd3 Nc6 5. Nf3 e5 6. O-O Nf6 7. Bg5 Be7 8.
Nbd2 d5 9. Bb5 h6 10. Bh4 Bg4 11. Bxf6 Bxf6 12. Be2 d4 13. cxd4 exd4 14. Qb3
Qb6 15. Bb5 O-O 16. Rac1 Na5 17. Qa4 Rfd8 18. b4 a6 19. Bd3 Nc6 20. Nc4 Qxb4
21. Qxb4 Nxb4 22. Nb6 Nxd3 23. Rc7 Ne5 24. Nxa8 Rxa8 25. Nxe5 Bxe5 26. Rxb7 d3
27. f3 Be6 28. Rd1 Rd8 29. Kf2 Bxa2 30. Ke3 Bc4 31. Rc7 Bxc7 0-1

[Event "Xtracon Chess Open 2016"]
[Site "Elsinore"]
[Date "2016.07.27"]
[Round "6.192"]
[White "Huse, Lars Paul"]
[Black "Wadtland, Flemming"]
[Result "1-0"]
[WhiteElo "1121"]
[BlackElo "1504"]
[PlyCount "51"]
[EventDate "2016.07.23"]

1. e4 e5 2. Nf3 Nc6 3. d4 exd4 4. Nxd4 Nf6 5. Nxc6 dxc6 6. Bd3 Bg4 7. f3 Bh5 8.
Be3 Bd6 9. O-O b5 10. Nc3 a5 11. Qe1 Qe7 12. a3 Rb8 13. Bd2 Bc5+ 14. Be3 O-O
15. Kh1 Bxe3 16. Qxe3 Rfe8 17. Rfe1 Nd5 18. Nxd5 cxd5 19. c3 Bg6 20. e5 Rb6 21.
Bxg6 hxg6 22. Re2 Re6 23. Rae1 g5 24. Qd3 c6 25. g3 Rxe5 26. Rxe5 1-0

[Event "Xtracon Chess Open 2016"]
[Site "Elsinore"]
[Date "2016.07.27"]
[Round "6.194"]
[White "Eldor, Finn"]
[Black "Nesse, David"]
[Result "0-1"]
[WhiteElo "1428"]
[BlackElo "1604"]
[PlyCount "48"]
[EventDate "2016.07.23"]

1. d4 Nf6 2. Bg5 Ne4 3. Nf3 Nxg5 4. Nxg5 g6 5. e4 Bg7 6. Bc4 O-O 7. e5 d5 8.
Bb3 e6 9. Nf3 b6 10. O-O Ba6 11. Re1 c5 12. c3 Nc6 13. Bc2 Rc8 14. Bd3 Bxd3 15.
Qxd3 cxd4 16. cxd4 Nb4 17. Qd2 Nc2 18. Nc3 Nxa1 19. Rxa1 Qd7 20. h3 Rc7 21. Rc1
Rfc8 22. Ne2 Rxc1+ 23. Nxc1 Qc6 24. Nb3 Qc2 0-1

[Event "Xtracon Chess Open 2016"]
[Site "Elsinore"]
[Date "2016.07.27"]
[Round "6.195"]
[White "Huse, Arne Kjelsbol"]
[Black "Starup, Leo"]
[Result "1/2-1/2"]
[WhiteElo "1163"]
[BlackElo "1598"]
[PlyCount "48"]
[EventDate "2016.07.23"]

1. e4 c5 2. Nf3 d6 3. Bb5+ Bd7 4. Bxd7+ Nxd7 5. Nc3 Ngf6 6. d3 e6 7. O-O Be7 8.
Qd2 O-O 9. Qf4 a6 10. Qg3 Kh8 11. e5 dxe5 12. Nxe5 Nxe5 13. Qxe5 Rc8 14. Re1
Qd4 15. Qe2 c4 16. Be3 cxd3 17. Bxd4 dxe2 18. Rxe2 b5 19. a3 Rfd8 20. Be3 Nd5
21. Nxd5 Rxd5 22. Rc1 Rcd8 23. Ree1 Bf6 24. c3 Kg8 1/2-1/2

[Event "Xtracon Chess Open 2016"]
[Site "Elsinore"]
[Date "2016.07.27"]
[Round "6.196"]
[White "Glaschak, Joachim"]
[Black "Christoffersen, Micki Aron"]
[Result "1-0"]
[WhiteElo "1570"]
[BlackElo "1263"]
[PlyCount "75"]
[EventDate "2016.07.23"]

1. d4 d5 2. c4 Nf6 3. Nc3 e6 4. Nf3 Nc6 5. e3 g6 6. a3 Bg7 7. b4 a6 8. Qc2 Bd7
9. Bd2 O-O 10. Be2 Re8 11. O-O Ne7 12. Ne5 c6 13. Nxd7 Qxd7 14. c5 Qc7 15. f4
Nd7 16. Bg4 f5 17. Bh3 h5 18. Be1 b6 19. Bh4 bxc5 20. bxc5 Rab8 21. Rab1 Rxb1
22. Rxb1 Kf8 23. Rb3 Rb8 24. Be1 Bf6 25. g3 Rxb3 26. Qxb3 g5 27. Bf1 Kg7 28.
Bxa6 Qb8 29. Qb7 Qxb7 30. Bxb7 Kf8 31. a4 Ke8 32. a5 Kd8 33. a6 Kc7 34. Na4 Kb8
35. Ba5 h4 36. Bd8 hxg3 37. hxg3 gxf4 38. gxf4 1-0

[Event "Xtracon Chess Open 2016"]
[Site "Elsinore"]
[Date "2016.07.27"]
[Round "6.197"]
[White "Jacobsen, Harald Kittel Lytom"]
[Black "Schjolin, John"]
[Result "0-1"]
[WhiteElo "1343"]
[BlackElo "1201"]
[PlyCount "46"]
[EventDate "2016.07.23"]

1. e4 e5 2. Nf3 Nc6 3. Bc4 h6 4. Nc3 Nf6 5. Nd5 Bc5 6. Nxf6+ Qxf6 7. b3 d6 8.
h3 Be6 9. Bxe6 Qxe6 10. Bb2 O-O-O 11. d4 exd4 12. Bxd4 Qxe4+ 13. Be3 Bxe3 14.
fxe3 Qxe3+ 15. Qe2 Qxe2+ 16. Kxe2 Rhe8+ 17. Kf2 Nb4 18. Nd4 Rd7 19. Rhf1 g6 20.
a3 Nd5 21. Nb5 Kb8 22. c4 Ne3 23. Rfe1 Rde7 0-1

[Event "Xtracon Chess Open 2016"]
[Site "Elsinore"]
[Date "2016.07.27"]
[Round "6.198"]
[White "Opseth, Erik"]
[Black "Cithu, Arjun Vijay"]
[Result "0-1"]
[WhiteElo "1064"]
[BlackElo "1330"]
[PlyCount "63"]
[EventDate "2016.07.23"]

1. d4 d5 2. c4 e6 3. Nc3 Nf6 4. e3 Nbd7 5. Be2 c6 6. Nf3 Be7 7. O-O O-O 8. Bd2
dxc4 9. Bxc4 b5 10. Bb3 a6 11. Re1 c5 12. a3 c4 13. Bc2 Bb7 14. b3 Rc8 15. bxc4
Rxc4 16. Bc1 Rxc3 17. Ng5 h6 18. Bb2 Rc8 19. Nh7 Nxh7 20. Bxh7+ Kxh7 21. d5
Bxd5 22. Qd4 Bf6 23. Qd3+ Kg8 24. Bd4 Bxd4 25. exd4 Bc4 26. Qe4 Nf6 27. Qb7 Qd6
28. a4 Bd5 29. Qxc8 Rxc8 30. axb5 axb5 31. Rec1 Rxc1+ 32. Rxc1 0-1

[Event "Xtracon Chess Open 2016"]
[Site "Elsinore"]
[Date "2016.07.28"]
[Round "7.1"]
[White "Maze, Sebastien"]
[Black "Amin, Bassem"]
[Result "0-1"]
[WhiteElo "2628"]
[BlackElo "2654"]
[PlyCount "56"]
[EventDate "2016.07.23"]

1. e4 e5 2. Nf3 Nc6 3. Nc3 Nf6 4. Bb5 Bb4 5. O-O O-O 6. d3 d6 7. Ne2 Bg4 8. c3
Bc5 9. Ng3 Nh5 10. Kh1 d5 11. h3 Nxg3+ 12. fxg3 dxe4 13. hxg4 exf3 14. Qxf3 Qd6
15. Qe4 Ne7 16. Bc4 c6 17. Bd2 b5 18. Bb3 Nd5 19. Rae1 Nf6 20. Qxe5 Nxg4 21.
Qh5 Qxg3 22. d4 g6 23. Bf4 Qxe1 24. Rxe1 gxh5 25. dxc5 Nf2+ 26. Kh2 Nd3 27. Rf1
Nxf4 28. Rxf4 Kg7 0-1

[Event "Xtracon Chess Open 2016"]
[Site "Elsinore"]
[Date "2016.07.28"]
[Round "7.3"]
[White "Andersen, Mads"]
[Black "Shirov, Alexei"]
[Result "1/2-1/2"]
[WhiteElo "2525"]
[BlackElo "2674"]
[PlyCount "76"]
[EventDate "2016.07.23"]

1. e4 e5 2. Nf3 Nc6 3. Bb5 a6 4. Bxc6 dxc6 5. O-O f6 6. d4 Bg4 7. c3 Ne7 8. Be3
Ng6 9. Nbd2 Bd6 10. Qb3 Qc8 11. dxe5 Nxe5 12. Nd4 c5 13. Nf5 g6 14. Nxd6+ cxd6
15. f4 Be6 16. Qb6 Ng4 17. Rae1 Qc6 18. Qxc6+ bxc6 19. e5 Nxe3 20. Rxe3 dxe5
21. Ne4 Ke7 22. fxe5 f5 23. Nxc5 Rhd8 24. b3 Rd2 25. Rd3 Rxa2 26. c4 Ra5 27.
Nxe6 Kxe6 28. Rd6+ Kxe5 29. Rxc6 Rb8 30. Rf3 Ra1+ 31. Kf2 Ra2+ 32. Kg3 a5 33.
Rd3 Ke4 34. Rcd6 f4+ 35. Kh3 Rb2 36. R6d4+ Ke5 37. Rd5+ Ke4 38. R5d4+ Ke5
1/2-1/2

[Event "Xtracon Chess Open 2016"]
[Site "Elsinore"]
[Date "2016.07.28"]
[Round "7.4"]
[White "Dreev, Aleksey"]
[Black "Schandorff, Lars"]
[Result "1-0"]
[WhiteElo "2664"]
[BlackElo "2521"]
[PlyCount "69"]
[EventDate "2016.07.23"]

1. d4 d5 2. c4 e6 3. Nc3 Nf6 4. Nf3 Be7 5. Qc2 O-O 6. cxd5 Nxd5 7. Bd2 Nd7 8.
g3 Nb4 9. Qb1 c5 10. dxc5 Nxc5 11. Bg2 Bd7 12. O-O Bc6 13. Rd1 Qc8 14. Bg5 f6
15. Be3 a5 16. Bh3 Qe8 17. Nd4 Bd7 18. a3 Nc6 19. Ndb5 Rc8 20. Qa2 Nd8 21. Nd6
Bxd6 22. Rxd6 Nf7 23. Bxc5 Rxc5 24. Bxe6 Bxe6 25. Rxe6 Qc8 26. Rd1 Kh8 27. Re7
Ne5 28. Qe6 Qxe6 29. Rxe6 Nc4 30. Rd7 Nxb2 31. Ne4 Rc6 32. Ree7 Rg8 33. Nd6 h6
34. Nf5 Na4 35. Rxb7 1-0

[Event "Xtracon Chess Open 2016"]
[Site "Elsinore"]
[Date "2016.07.28"]
[Round "7.5"]
[White "Zude, Erik"]
[Black "Vovk, Andriy"]
[Result "1/2-1/2"]
[WhiteElo "2403"]
[BlackElo "2637"]
[PlyCount "113"]
[EventDate "2016.07.23"]

1. c4 Nf6 2. Nc3 g6 3. g3 d5 4. cxd5 Nxd5 5. Bg2 Nb6 6. d3 Bg7 7. Be3 h6 8. Rc1
N8d7 9. Nf3 O-O 10. O-O c6 11. Qb3 Kh7 12. Rfd1 Nf6 13. Bd4 g5 14. Ne4 g4 15.
Bxf6 exf6 16. Nfd2 f5 17. Nc5 Qf6 18. Rc2 f4 19. Nde4 Qe5 20. d4 Qc7 21. gxf4
Qxf4 22. e3 Qc7 23. Ng3 Qe7 24. a4 Rd8 25. Rdc1 Nd5 26. a5 a6 27. Rc4 Bf8 28.
Be4+ Kg8 29. Bb1 Qg5 30. Qd3 Bg7 31. Qh7+ Kf8 32. Nce4 Qg6 33. Nc5 Qg5 34. Nf5
Rb8 35. Qxg7+ Qxg7 36. Nxg7 Kxg7 37. Be4 Nc7 38. Nd3 f5 39. Bg2 Be6 40. Rc5 Kf6
41. Nf4 Rd6 42. h3 gxh3 43. Bxh3 Nd5 44. Nd3 Rg8+ 45. Kh2 Rg5 46. f4 Rg7 47.
Re1 Nc7 48. Rg1 Nd5 49. Re1 Nc7 50. Re5 Rd8 51. Nc5 Bc8 52. Rg1 Rxg1 53. Kxg1
Nb5 54. Na4 Be6 55. Nc5 Bc8 56. Na4 Be6 57. Nc5 1/2-1/2

[Event "Xtracon Chess Open 2016"]
[Site "Elsinore"]
[Date "2016.07.28"]
[Round "7.6"]
[White "Haubro, Martin"]
[Black "Naroditsky, Daniel"]
[Result "0-1"]
[WhiteElo "2370"]
[BlackElo "2634"]
[PlyCount "70"]
[EventDate "2016.07.23"]

1. e4 e6 2. d4 d5 3. Nd2 Be7 4. Bd3 c5 5. dxc5 Nf6 6. Qe2 O-O 7. Ngf3 a5 8. O-O
Na6 9. e5 Nd7 10. c4 Ndxc5 11. Bb1 Nb4 12. a3 Nc6 13. Nb3 Nxb3 14. Qc2 g6 15.
Qxb3 a4 16. Qc2 Qc7 17. Re1 Rd8 18. Bf4 Ra5 19. Ba2 Rc5 20. Qxa4 dxc4 21. Rad1
b5 22. Rxd8+ Qxd8 23. Qd1 Rd5 24. Qc1 Bb7 25. Bb1 Nd4 26. Nxd4 Rxd4 27. f3 Rxf4
28. Qxf4 Bg5 29. Qg4 h5 30. Qh3 Qd4+ 31. Kf1 Bd5 32. Be4 Bxe4 33. fxe4 Qxb2 34.
Re2 Qa1+ 35. Re1 Qxe5 0-1

[Event "Xtracon Chess Open 2016"]
[Site "Elsinore"]
[Date "2016.07.28"]
[Round "7.7"]
[White "Bluebaum, Matthias"]
[Black "Svane, Rasmus"]
[Result "1-0"]
[WhiteElo "2618"]
[BlackElo "2549"]
[PlyCount "79"]
[EventDate "2016.07.23"]

1. c4 Nf6 2. Nf3 e6 3. Nc3 d5 4. d4 Be7 5. Qc2 c5 6. dxc5 Bxc5 7. cxd5 Nxd5 8.
Bg5 Qb6 9. O-O-O Bd7 10. Nxd5 exd5 11. Rxd5 Be7 12. Bxe7 Kxe7 13. Qc5+ Qxc5+
14. Rxc5 Nc6 15. e4 Rac8 16. Kb1 Be6 17. Bc4 Rhd8 18. Bxe6 Kxe6 19. Rhc1 f6 20.
e5 Rd5 21. exf6 gxf6 22. Re1+ Kd6 23. Rxd5+ Kxd5 24. Rd1+ Ke6 25. g3 h5 26. a3
Rc7 27. b4 Kf5 28. Rd6 a6 29. Kb2 Re7 30. Kb3 Rc7 31. h3 Re7 32. Nh4+ Ke4 33.
f3+ Ke3 34. Nf5+ Kxf3 35. Nxe7 Nxe7 36. g4 h4 37. Rxf6+ Kg3 38. Re6 Nd5 39. Kc4
Nf4 40. Re3+ 1-0

[Event "Xtracon Chess Open 2016"]
[Site "Elsinore"]
[Date "2016.07.28"]
[Round "7.8"]
[White "Aabling Thomsen, Jakob"]
[Black "Agdestein, Simen"]
[Result "1/2-1/2"]
[WhiteElo "2344"]
[BlackElo "2603"]
[PlyCount "91"]
[EventDate "2016.07.23"]

1. Nf3 Nf6 2. g3 b6 3. Bg2 Bb7 4. O-O g6 5. b3 Bg7 6. Bb2 O-O 7. c4 e6 8. Nc3
d5 9. d4 Qe7 10. Rc1 Na6 11. Ne5 Rfd8 12. cxd5 exd5 13. e3 c5 14. f4 Ne4 15. f5
f6 16. Nxe4 dxe4 17. fxg6 fxe5 18. Rf7 Qg5 19. Rxb7 Nb4 20. Qe2 Nd3 21. Rf1 Rf8
22. Rbf7 Qxg6 23. Rxf8+ Rxf8 24. Rxf8+ Kxf8 25. dxc5 bxc5 26. Ba3 Bh6 27. Kh1
Kg7 28. g4 Bg5 29. h3 Qf6 30. Kh2 Qg6 31. Kg3 h5 32. h4 Bf4+ 33. exf4 exf4+ 34.
Kh2 f3 35. Bxf3 exf3 36. Qe7+ Qf7 37. Qg5+ Kh7 38. Qxh5+ Qxh5 39. gxh5 Kh6 40.
Kg3 f2 41. Kg2 Kxh5 42. Bxc5 Nxc5 43. Kxf2 Nd3+ 44. Ke3 Nc1 45. Kd4 Nxa2 46.
Kc4 1/2-1/2

[Event "Xtracon Chess Open 2016"]
[Site "Elsinore"]
[Date "2016.07.28"]
[Round "7.9"]
[White "Vorobiov, Evgeny E"]
[Black "Leenhouts, Koen"]
[Result "1/2-1/2"]
[WhiteElo "2584"]
[BlackElo "2491"]
[PlyCount "31"]
[EventDate "2016.07.23"]

1. e4 c5 2. Nf3 e6 3. d4 cxd4 4. Nxd4 Nc6 5. Nc3 Qc7 6. f4 a6 7. Nxc6 bxc6 8.
Bd3 d5 9. Qe2 Nf6 10. O-O Be7 11. Bd2 O-O 12. Kh1 c5 13. b3 Bb7 14. e5 Nd7 15.
Rae1 g6 16. Nd1 1/2-1/2

[Event "Xtracon Chess Open 2016"]
[Site "Elsinore"]
[Date "2016.07.28"]
[Round "7.10"]
[White "Andersen, Rune"]
[Black "Degraeve, Jean-Marc"]
[Result "0-1"]
[WhiteElo "2100"]
[BlackElo "2579"]
[PlyCount "60"]
[EventDate "2016.07.23"]

1. d4 Nf6 2. c4 g6 3. Nc3 Bg7 4. e4 d6 5. Nge2 O-O 6. Ng3 e5 7. d5 a5 8. Be2
Na6 9. h4 h5 10. Bg5 Qe8 11. Qd2 Nc5 12. O-O-O Ng4 13. Bxg4 Bxg4 14. f3 Bd7 15.
Nge2 b5 16. cxb5 Bxb5 17. Nxb5 Qxb5 18. Nc3 Qb4 19. g4 Rfb8 20. Rh2 a4 21. Qc2
hxg4 22. fxg4 Qc4 23. Qe2 Rb4 24. Qxc4 Rxc4 25. Re2 a3 26. Rc2 axb2+ 27. Kxb2
Rb4+ 28. Kc1 f6 29. Be3 Nxe4 30. Nxe4 Rxe4 0-1

[Event "Xtracon Chess Open 2016"]
[Site "Elsinore"]
[Date "2016.07.28"]
[Round "7.12"]
[White "Gretarsson, Hjorvar Steinn"]
[Black "Goh, Wei Ming Kevin"]
[Result "1/2-1/2"]
[WhiteElo "2550"]
[BlackElo "2435"]
[PlyCount "66"]
[EventDate "2016.07.23"]

1. c4 g6 2. g3 Bg7 3. Bg2 c5 4. Nc3 Nc6 5. a3 d6 6. Rb1 a5 7. Nf3 e5 8. O-O
Nge7 9. d3 O-O 10. Ne1 Be6 11. Nd5 Rb8 12. Nc2 b5 13. Bd2 bxc4 14. dxc4 f5 15.
b4 axb4 16. axb4 e4 17. f3 exf3 18. Bxf3 Qd7 19. Bf4 Ne5 20. Nxe7+ Qxe7 21. Bd5
Rfe8 22. bxc5 Rxb1 23. Qxb1 Nxc4 24. Bxc4 Bxc4 25. cxd6 Qa7+ 26. Rf2 Rxe2 27.
Be3 Rxe3 28. Nxe3 Qxe3 29. d7 Bf6 30. Qb8+ Kg7 31. d8=Q Qe1+ 32. Kg2 Qe4+ 33.
Kg1 Qe1+ 1/2-1/2

[Event "Xtracon Chess Open 2016"]
[Site "Elsinore"]
[Date "2016.07.28"]
[Round "7.13"]
[White "Hammer, Jon Ludvig"]
[Black "Johansen, Paul"]
[Result "1-0"]
[WhiteElo "2652"]
[BlackElo "2077"]
[PlyCount "93"]
[EventDate "2016.07.23"]

1. Nf3 Nf6 2. g3 d5 3. Bg2 Bf5 4. c4 e6 5. cxd5 exd5 6. O-O c6 7. d3 Be7 8. Qb3
Qb6 9. Qc2 O-O 10. Nc3 Na6 11. a3 h6 12. e4 dxe4 13. dxe4 Bh7 14. Be3 Qa5 15.
b4 Qh5 16. h3 g5 17. Ne5 g4 18. Nxg4 Nxg4 19. hxg4 Qxg4 20. Bxh6 Rfe8 21. Rae1
Nc7 22. Ne2 Ne6 23. f3 Qg6 24. Be3 a5 25. Qb3 axb4 26. axb4 Qg7 27. f4 c5 28.
f5 Nd4 29. Nxd4 cxd4 30. Bf4 Rec8 31. e5 Bxf5 32. e6 f6 33. Bxb7 Qh7 34. Bxa8
Rxa8 35. Bd6 Bc2 36. Qf3 Ra2 37. Rf2 Bxd6 38. Qd5 Be4 39. Qxe4 Qxe4 40. Rxe4
Ra1+ 41. Rf1 Ra7 42. Rxd4 Ra6 43. Rxf6 Kg7 44. Rf7+ Kg6 45. Rg4+ Kh5 46. Rg8
Kh6 47. e7 1-0

[Event "Xtracon Chess Open 2016"]
[Site "Elsinore"]
[Date "2016.07.28"]
[Round "7.14"]
[White "Hoi, Carsten"]
[Black "Zuniga, Julio E Granda"]
[Result "0-1"]
[WhiteElo "2386"]
[BlackElo "2699"]
[PlyCount "58"]
[EventDate "2016.07.23"]

1. d4 Nf6 2. Nf3 e6 3. e3 b6 4. Bd3 Bb7 5. O-O d5 6. b3 Nbd7 7. Bb2 Be7 8. c4
O-O 9. Nc3 Ne4 10. Rc1 c5 11. cxd5 exd5 12. Ne2 Re8 13. Ne5 Nxe5 14. dxe5 Bf8
15. f3 Ng5 16. Qc2 h6 17. Ng3 Rc8 18. f4 c4 19. bxc4 dxc4 20. Bf5 Ne6 21. Rcd1
Qc7 22. Bxe6 Rxe6 23. f5 Rxe5 24. Bxe5 Qxe5 25. f6 g6 26. Rd7 Bc6 27. Rxa7 b5
28. Kh1 Qxe3 29. Ra5 Qb6 0-1

[Event "Xtracon Chess Open 2016"]
[Site "Elsinore"]
[Date "2016.07.28"]
[Round "7.15"]
[White "Marin, Mihail"]
[Black "Colpe, Malte"]
[Result "1/2-1/2"]
[WhiteElo "2576"]
[BlackElo "2385"]
[PlyCount "63"]
[EventDate "2016.07.23"]

1. c4 e6 2. d4 Nf6 3. Nf3 d5 4. Nc3 dxc4 5. e3 a6 6. Bxc4 b5 7. Bb3 Bb7 8. O-O
c5 9. e4 cxd4 10. Nxd4 Nc6 11. Nxc6 Qxd1 12. Rxd1 Bxc6 13. f3 Bc5+ 14. Kf1 Nd7
15. Bf4 Ke7 16. Rac1 Rac8 17. Ne2 Rhd8 18. Bg3 g5 19. h4 h6 20. Nd4 Bb7 21. Bf2
Bb6 22. hxg5 Rxc1 23. Rxc1 hxg5 24. Be3 Kf6 25. Nc2 g4 26. Rd1 Bxe3 27. Nxe3
gxf3 28. gxf3 Ke7 29. Rc1 Ne5 30. Rc7+ Rd7 31. Rxd7+ Kxd7 32. Ke2 1/2-1/2

[Event "Xtracon Chess Open 2016"]
[Site "Elsinore"]
[Date "2016.07.28"]
[Round "7.16"]
[White "Burmakin, Vladimir"]
[Black "Jensson, Einar Hjalti"]
[Result "1-0"]
[WhiteElo "2549"]
[BlackElo "2371"]
[PlyCount "103"]
[EventDate "2016.07.23"]

1. Nf3 d5 2. c4 d4 3. b4 f6 4. d3 e5 5. Qb3 a5 6. b5 Bb4+ 7. Bd2 Qe7 8. g3 Nh6
9. Bg2 O-O 10. O-O Nf5 11. Bxb4 Qxb4 12. Qxb4 axb4 13. Nbd2 Ra4 14. Rfb1 Nd6
15. Ne1 Bg4 16. Kf1 Rc8 17. Nc2 c6 18. bxc6 Nxc6 19. Ne4 Nxe4 20. Bxe4 Rca8 21.
a3 Bc8 22. Bxc6 bxc6 23. axb4 Ra2 24. Ke1 Kf7 25. Kd2 g5 26. Rxa2 Rxa2 27. Ra1
Rxa1 28. Nxa1 Bh3 29. Nb3 Ke7 30. e3 dxe3+ 31. Kxe3 Kd6 32. Nc5 h6 33. Ne4+ Ke7
34. f4 f5 35. Nd2 exf4+ 36. gxf4 Kd6 37. Nf3 gxf4+ 38. Kxf4 c5 39. b5 Bf1 40.
Ke3 Ke6 41. Ne1 Ke5 42. Kf2 Bh3 43. Nf3+ Ke6 44. Ng1 Bg4 45. Ne2 Ke5 46. Ke3
Bh3 47. Nf4 Bg4 48. h3 Bd1 49. Ne2 Ba4 50. Kd2 f4 51. Nc3 Bb3 52. Ne4 1-0